Statistics for 50 States, 50 Celebrities

Click here to take the quiz!

General Stats

  • This quiz has been taken 760 times
  • The average score is 14 of 50

Answer Stats

CelebrityState% Correct
OHLeBron JamesOhio
77%
MNPrinceMinnesota
63%
MEStephen KingMaine
61%
WAKurt CobainWashington
61%
MSElvis PresleyMississippi
59%
NYLady GagaNew York
50%
PAWill SmithPennsylvania
50%
TXBeyoncéTexas
47%
HIBruno MarsHawaii
41%
FLAriana GrandeFlorida
38%
ARJohnny CashArkansas
36%
MIDiana RossMichigan
35%
CAMarilyn MonroeCalifornia
32%
INDavid LettermanIndiana
32%
MAConan O'BrienMassachusetts
29%
LAReese WitherspoonLouisiana
27%
GAJulia RobertsGeorgia
26%
KYGeorge ClooneyKentucky
26%
MDBabe RuthMaryland
26%
ORMatt GroeningOregon
26%
AZEmma StoneArizona
25%
CTKatharine HepburnConnecticut
24%
IAJohn WayneIowa
23%
NVAndre AgassiNevada
23%
COTim AllenColorado
22%
IDAaron PaulIdaho
21%
MTEvel KnievelMontana
21%
VTBrigham YoungVermont
21%
ALChanning TatumAlabama
20%
ILBetty WhiteIllinois
20%
OKBrad PittOklahoma
20%
DEAubrey PlazaDelaware
19%
NJShaquille O' NealNew Jersey
19%
TNMorgan FreemanTennessee
19%
AKDan MintzAlaska
18%
UTRoseanne BarrUtah
18%
WIChris FarleyWisconsin
18%
NCZach GalifianakisNorth Carolina
17%
NDJosh DuhamelNorth Dakota
16%
VASandra BullockVirginia
16%
NHSarah SilvermanNew Hampshire
15%
NMNeil Patrick HarrisNew Mexico
15%
SCJames BrownSouth Carolina
15%
WYJackson PollockWyoming
15%
NEMarlon BrandoNebraska
14%
KSCassandra Peterson (Elvira)Kansas
13%
MODon CheadleMissouri
12%
RIMeredith VieiraRhode Island
12%
SDJanuary JonesSouth Dakota
12%
WVSteve HarveyWest Virginia
11%

Score Distribution

Percentile by Number Answered

Percent of People with Each Score

Your Score History

You have not taken this quiz